000 00746cam a22002293a 4500
001 13451
003 PGUSA
005 20140828083305.0
008 040913s2004||||xxu|||||s|||||000 | eng d
040 _aPGUSA
_beng
042 _adc
050 4 _aPT
100 1 _aHauff, Wilhelm,
_d1802-1827
245 1 0 _aDer Mann im Mond :
_bOder der Zug des Herzens ist des Schicksals Stimme, nebst der Kontrovers-Predigt über H. Clauren und den Mann im Mond
_h[electronic resource] /
_cWilhelm Hauff
260 _bProject Gutenberg,
_c2004
506 _aPublic domain in the USA.
516 _aElectronic text
653 _aFairy tales -- Germany
830 0 _aProject Gutenberg
_v13451
856 4 0 _uhttp://www.gutenberg.org/ebooks/13451
942 _cEB
999 _c242706
_d242706